Variation in English worldwide : (Record no. 51444)

MARC details
000 -LEADER
fixed length control field 00596nam a2200205Ia 4500
005 - DATE AND TIME OF LATEST TRANSACTION
control field 20260429111924.0
008 - FIXED-LENGTH DATA ELEMENTS--GENERAL INFORMATION
fixed length control field 260429s9999||||xx |||||||||||||| ||und||
020 ## - INTERNATIONAL STANDARD BOOK NUMBER
International Standard Book Number 9781108485456
041 ## - LANGUAGE CODE
Language English
082 ## - DEWEY DECIMAL CLASSIFICATION NUMBER
Classification number 427
Item number BOH
100 ## - MAIN ENTRY--PERSONAL NAME
Personal name Bohmann, Axel
245 #0 - TITLE STATEMENT
Title Variation in English worldwide :
Remainder of title registers and global varieties /
Statement of responsibility, etc Axel Bohmann
250 ## - EDITION STATEMENT
Edition statement 1st ed.
260 ## - PUBLICATION, DISTRIBUTION, ETC. (IMPRINT)
Place of publication, distribution, etc New York :
Name of publisher, distributor, etc Cambridge University Press,
Date of publication, distribution, etc 2020.
300 ## - PHYSICAL DESCRIPTION
Extent xviii, 250 p.; hb
650 ## - SUBJECT ADDED ENTRY--TOPICAL TERM
Topical term or geographic name as entry element Sociolinguistics
650 ## - SUBJECT ADDED ENTRY--TOPICAL TERM
Topical term or geographic name as entry element World Englishes
650 ## - SUBJECT ADDED ENTRY--TOPICAL TERM
Topical term or geographic name as entry element English language variation
942 ## - ADDED ENTRY ELEMENTS (KOHA)
Koha item type Text Books
Holdings
Withdrawn status Lost status Damaged status Not for loan Collection code Home library Location Shelving location Date of Cataloging Source of acquisition Total Checkouts Full call number Barcode Date last seen Price effective from Koha item type
        Non-fiction CUTN Central Library CUTN Central Library Languages 29/04/2026 T R Publications, Chennai - Invoice No. TRPHO/2025/CRB/184 on 09-02-2026   427 BOH 56450 29/04/2026 29/04/2026 Text Books